NBA 2k Highest Rated Players Currently - Statistics

General Stats
  • This quiz has been taken 32 times
  • The average score is 19 of 24
Answer Stats
Hint Answer % Correct
94 Lebron James
100%
98 Nikola Jokic
100%
98 Shai Gilgeous-Alexander
100%
97 Giannis Antetokounmpo
97%
95 Luka Doncic
93%
94 Stephen Curry
93%
94 Victor Wembanyama
93%
95 Anthony Edwards
90%
93 Jalen Brunson
87%
93 Kevin Durant
87%
93 Donovan Mitchell
83%
94 Jayson Tatum
83%
90 Jaylen Brown
80%
92 Joel Embiid
80%
92 Karl-Anthony Towns
77%
92 Cade Cunningham
70%
92 Kawhi Leonard
70%
93 Tyrese Haliburton
67%
93 Anthony Davis
60%
91 Devin Booker
60%
90 Kyrie Irving
53%
90 Trae Young
50%
91 Ja Morant
43%
90 Jalen Williams
37%
No matching quizzes found
Score Distribution
Percent of People with Each Score
Percentile by Number Answered
Your Score History
You have not taken this quiz